000 00322nam a22001337a 4500
082 _a823
_bGRA/W
100 _aGRAHAME, KENNETH
245 _aTHE WIND IN THE WILLOWS
246 _aTHE WIND IN THE WILLOWS
_bTHE WIND IN THE WILLOWS
260 _aU K
_bPENGUIN
_c2015
300 _a245
650 _aENGLISH STORY
942 _cBK
999 _c9119
_d9119